La globalización en el espejo del derecho
Αποθηκεύτηκε σε:
| Κύριος συγγραφέας: | |
|---|---|
| Μορφή: | Βιβλίο |
| Γλώσσα: | Ισπανικά |
| Έκδοση: |
Talcahuano
Rubinzal - Culzoni Editores
2005
|
| Έκδοση: | 1a. ed |
| Θέματα: | |
| Ετικέτες: |
Προσθήκη ετικέτας
Δεν υπάρχουν, Καταχωρήστε ετικέτα πρώτοι!
|
MARC
| LEADER | 00000cam a2200000 a 4500 | ||
|---|---|---|---|
| 001 | UCC1929 | ||
| 003 | CL-VaPUC | ||
| 008 | 171208e20050000cl |||||||||||||||||spa|d | ||
| 020 | |a 9507276785 | ||
| 082 | 0 | 4 | |a 346.07 |b GAL |2 21 |
| 100 | |a Galgano, Francesco |e author |9 596035 | ||
| 245 | 1 | 3 | |a La globalización en el espejo del derecho |
| 250 | |a 1a. ed | ||
| 300 | |a 243 p | ||
| 942 | |c BK | ||
| 945 | |d 20171208 18:54:00 |a arojas | ||
| 260 | |a Talcahuano |b Rubinzal - Culzoni Editores |c 2005 | ||
| 650 | 0 | |a Derecho comercial |9 256340 | |
| 650 | 0 | |a Globalización |9 361930 | |
| 650 | 0 | |a Neoliberalismo |9 330090 | |
| 583 | |a last modification |c 20171208 18:54:00 |k Rodrigo Vera | ||
| 999 | |c 370259 |d 370257 | ||
| 952 | |0 0 |1 0 |3 erb |4 0 |6 346_070000000000000_GAL_2005 |7 0 |8 A |9 486616 |a BIBDER |b BIBDER |i 5441374 |o 346.07 GAL 2005 |p 5441374 |r 2023-01-25 |w 2019-11-24 |y BK |z Catalogado en:20171208 |k DER | ||